[Event "Rio Verde Goiano op"]
[Site "Rio Verde"]
[Date "2023.12.02"]
[Round "3"]
[White "Luz, Heitor Carvalho"]
[Black "Dos Santos, Sidenil Jose"]
[Result "1-0"]
[WhiteElo "1655"]
[BlackElo "1787"]
[PlyCount "61"]
[EventDate "2023.12.01"]
[EventType "swiss"]
[EventRounds "6"]
[EventCountry "BRA"]
[SourceTitle "CB50_2023"]
[SourceDate "2023.12.13"]
[SourceVersion "1"]
[SourceVersionDate "2023.12.13"]
[SourceQuality "1"]

1. d4 d5 2. Nf3 Nf6 3. g3 Nc6 4. Bg2 Bg4 5. 0-0 g6 6. c4 Bg7 7. b3 0-0 8. Bb2 e6 9. Ne5 Nxe5 10. dxe5 Nd7 11. cxd5 exd5 12. Qxd5 c6 13. Qe4 Bf5 14. Qb4 Rb8 15. f4 Qb6+ 16. Qxb6 Nxb6 17. Nc3 Rbd8 18. Rad1 f6 19. exf6 Bxf6 20. Rxd8 Rxd8 21. Rd1 Nd7 22. Na4 Bxb2 23. Nxb2 Re8 24. e4 Bg4 25. Re1 b5 26. e5 Re6 27. h3 Bf5 28. g4 Bc2 29. Rc1 Bxb3 30. axb3 c5 31. Bd5 1-0